Written in my soul : rock's great songwriters talk about creating their music /

Bibliographic Details
Main Author: Flanagan, Bill
Format: Book
Language:English
Published: Chicago : Contemporary Books, [1986]
Subjects:

MARC

Tag First Indicator Second Indicator Subfields
LEADER 00000cam a2200000 a 4500
001 in00000019196
005 20151007054208.0
008 860624s1986 iluc 00110beng
010 |a  86016629  
020 |a 0809251531 :  |c $16.95 
035 |a (OCoLC)13861472 
035 |9 AAB4282AM 
040 |a DLC  |c DLC  |d m/c  |d TXA  |d UtOrBLW 
049 |a TXAM  |c [A11086121] 
050 0 0 |a ML3534  |b .F6 1986 
082 0 |a 784.5/4/00922  |2 19 
100 1 |a Flanagan, Bill. 
245 1 0 |a Written in my soul :  |b rock's great songwriters talk about creating their music /  |c Bill Flanagan. 
264 1 |a Chicago :  |b Contemporary Books,  |c [1986] 
264 4 |c ©1986 
300 |a xv, 432 pages :  |b portraits ;  |c 24 cm. 
336 |a text  |b txt  |2 rdacontent 
337 |a unmediated  |b n  |2 rdamedia 
338 |a volume  |b nc  |2 rdacarrier 
500 |a Includes index. 
650 0 |a Rock musicians  |v Interviews. 
650 0 |a Rock music  |x History and criticism. 
650 0 |a Popular music  |x Writing and publishing. 
999 |a MARS 
999 f f |s 2efd830d-433a-3979-bb6d-28c4626d864c  |i e77f341c-ffe9-371d-820e-86582f0c9e30  |t 0 
952 f f |p ric  |a Texas A&M University  |b Rellis Campus  |c Joint Library Facility  |d Remote Storage  |t 0  |e ML3534 .F6 1986  |h Library of Congress classification  |i unmediated -- volume  |m A14811086121 
998 f f |a ML3534 .F6 1986  |t 0  |l Remote Storage